Organic reactions and their mechanisms (Record no. 1258)

MARC details
000 -LEADER
fixed length control field 00476 a2200181 4500
001 - CONTROL NUMBER
control field 067335
003 - CONTROL NUMBER IDENTIFIER
control field OSt
005 - DATE AND TIME OF LATEST TRANSACTION
control field 20211201152818.0
008 - FIXED-LENGTH DATA ELEMENTS--GENERAL INFORMATION
fixed length control field
082 ## - DEWEY DECIMAL CLASSIFICATION NUMBER
Classification number 547.2
Item number K12O
100 1# - MAIN ENTRY--PERSONAL NAME
Personal name Kalsi, P.S.
245 1# - TITLE STATEMENT
Title Organic reactions and their mechanisms
Statement of responsibility, etc by P.S. Kalsi
250 ## - EDITION STATEMENT
Edition statement 2nd ed.
260 ## - PUBLICATION, DISTRIBUTION, ETC. (IMPRINT)
Place of publication, distribution, etc New Delhi
Name of publisher, distributor, etc New Age International
Date of publication, distribution, etc 2008
300 ## - PHYSICAL DESCRIPTION
Extent 650p.
690 ## - LOCAL SUBJECT ADDED ENTRY--TOPICAL TERM (OCLC, RLIN)
Topical term or geographic name as entry element Chemical reactions; Chemistry, Organic
942 ## - ADDED ENTRY ELEMENTS (KOHA)
Source of classification or shelving scheme Dewey Decimal Classification
Koha item type Books
Holdings
Withdrawn status Lost status Source of classification or shelving scheme Damaged status Not for loan Collection code Home library Current library Date acquired Source of acquisition Cost, normal purchase price Total Checkouts Full call number Barcode Date last seen Date checked out Price effective from Koha item type
    Dewey Decimal Classification     General Text Book Central University Of Rajasthan Central University Of Rajasthan 07/03/2012 CHM 235.00 3 547.2 K12O 1621 24/04/2026 07/04/2026 02/09/2020 Books